Statistics for Soviet Tanks pre-WWII-60s

Click here to take the quiz!

General Stats

  • This quiz has been taken 16 times
  • The average score is 23 of 53

Answer Stats

Answer% Correct
T-34
92%
Is-1
85%
Is-2
85%
Is-3
85%
Is-4
85%
Is-7
85%
Is-6
77%
Su-152
77%
T-54
77%
Isu-152
69%
Kv-1
69%
Kv-2
69%
T-26
69%
T-44
69%
T-55
69%
BT-7
62%
T-34-85
62%
T-60
62%
BT-5
54%
T-34-100
54%
T-34-57
54%
Isu-122
46%
Kv-85
46%
Su-122
46%
T-70
46%
T-80
46%
Kv-1S
38%
Su-57
38%
T-40
38%
T-44-100
38%
Su-100P
31%
T-44-122
31%
Zis-30
31%
Asu-57
23%
Asu-85
23%
Su-100Y
23%
Su-85M
23%
T-10M
23%
T-55AMD
23%
Kv-2 Zis-6
15%
RBT-5
15%
SMK
15%
T-54AM
15%
BM-13M
8%
BM-32
8%
BTR-152A
8%
BTR-152D
8%
Su-57B
8%
T-126
8%
TO-55
8%
Zis-12
8%
Zis-43
8%
Gaz AAA DshK
0%

Score Distribution

Percentile by Number Answered

Percent of People with Each Score

Your Score History

You have not taken this quiz